000 00415nam a22001697a 4500
003 SGT
020 _a9780323673396
082 _a615.82
_bM22O
100 _aOLSON, KENNETH A.
245 _aMANUAL PHYSICAL THERAPY OF THE SPINE
250 _a3RD
260 _aMISSOURI
_bELSEVIER PUB.
_c2022
300 _a475
650 _aPHYSIOTHEARAPY
653 _aMANUAL PHYSICAL THERAPY OF THE SPINE
942 _2ddc
_cBK
999 _c23437
_d23437